000 01658cam a22004574i 4500
003 PE-LiUPU
005 20250731173359.0
008 150706s2005 xxu r 000 0 eng d
020 _a1573833576
035 _a(Sirsi) i9781573833578
040 _aPE-LiUPU
_bspa
_cPE-LiUPU
_erda
049 _aPRUA
082 0 4 _a220.6
_bN49
_221
100 1 _aNewbigin, Lesslie,
_eautor.
245 1 2 _aA walk through the Bible /
_cLesslie Newgigin.
264 1 _aVancouver :
_bRegent College,
_c2005.
300 _a85 páginas ;
_c21 centímetros
336 _atext
_2rdacontent
337 _aunmediated
_2rdamedia
338 _avolume
_2rdacarrier
505 0 _aA unique account -- Chosen by God -- Judges, Kings, and prophets -- Return and renewal -- God`s kingdom and Jesus -- Sacrifica -- New life, new communities -- Future revelation.
526 _aSEG42
526 _aSEG41
526 _aSEG40
526 _aSEG39
526 _aP94
526 _aP87
526 _aP86
526 _aP85
526 _aP77
526 _aP76
526 _aP35
541 _g001-0000490;
630 0 4 _aBiblia
_xCrítica, interpretación, etc.
910 _agl
_bjv
_clch
_d20110204
942 _2ddc
_cBOOK
949 _a220.6 N49
_wDEWEY
_c1
_i62447
_lCCODEBUL1
_mBUL
_p9.00
_r0
_sY
_tBOOK
_u2015-7-6
_xTEOLOGIA
_PP35
_0COMPRA
_o.STAFF. Colección Teología
994 _aC0
_bPEPRU
596 _a1
999 _a220.6 N49
_wDEWEY
_c51486
_i62447
_f2021-11-9
_g5
_lCCODEBUL1
_mBUL
_p9.00
_r0
_sY
_tBOOK
_u2015-7-6
_xTEOLOGIA
_PP35
_0COMPRA
_o.STAFF. Colección Teología
_d51486
980 _81
_gALBERTO SANCHEZ Responsable de Automatización